Formula One Multiple Choice Quiz - Statistics

General Stats
  • This quiz has been taken 297 times
    216 since last reset
  • The average score is 9 of 16
Answer Stats
Question Answer % Correct
Which of the following pairs of drivers were not father and son? Ayrton and Bruno Senna
83%
Which of the following nations has not hosted a Formula One race? Indonesia
83%
Which of the following has not been Lewis Hamilton's team mate? Juan Pablo Montoya
83%
Which of the following did not die in a racing incident? Gerhard Berger
74%
Which of the following drivers was never World Champion? Stirling Moss
70%
True or False. No driver has served a race ban since 2000. False
69%
Which of the following drivers has not started a race from pole position? Esteban Ocon
63%
Which of these tyre manufacturers have never supplied tyres for the Formula One World Championship? Hankook
61%
Who holds the record for the most consecutive wins? Sebastian Vettel
61%
How many races did Michael Schumacher win with Ferrari? 72
52%
True or False. No engine manufacturer has won every race in a season. False
48%
Which of the following engines has Williams not raced with? BRM
44%
Which of these circuits has not held a Formula One World Championship race? Lohéac
39%
Which of the following drivers has never raced for McLaren? Mario Andretti
39%
Which team has Marlboro not sponsored? Williams
35%
True or False. The distance Kimi Räikkönen has driven in Formula One is roughly equivalent to the distance between the Earth and the Moon False
15%
No matching quizzes found
Score Distribution
Percent of People with Each Score
Percentile by Number Answered
Your Score History
You have not taken this quiz since the last reset